000 00673ntaaa2200217 4500
003 01
005 20251027202005.0
008 0714s1973 ag 01
020 _a9500906406
040 _aAR-BaBN
_bspa
_cAR-BaBN
_eaacr
_dRIC
082 _a261.0000 Ev1e
100 _aGarlatti, Guillermo
_918496
245 _aEvangelización y liberación
250 _a1 ed.
260 _aFlorida :
_bPaulinas,
_c1986
300 _a249 (253) p. ;
_c20 cm.
500 _aIV Semana de la Sociedad Argentina de Teología, realizada desde el 4 al 8 de junio de 1985 en Florencia Varela.
650 _aAmérica Latina-Iglesia
_96590
650 _aTeología de la Liberación
942 _cBK
999 _c14648
_d14648